[Event "Frauenbundesliga 2021-22"]
[Site "Germany"]
[Date "2022.03.20"]
[Round "5.9"]
[White "Ciolacu, Alessia-Mihaela"]
[Black "Hincu, Olga"]
[Result "1-0"]
[WhiteElo "2239"]
[BlackElo "2070"]
[Annotator "TA"]
[PlyCount "249"]
[EventDate "2021.11.26"]
[EventType "team-tourn"]
[EventCountry "GER"]
[SourceTitle "playchess.com"]
[Source "ChessBase"]
[SourceQuality "1"]

{[%evp 13,249,17,20,28,53,21,25,12,45,36,78,59,93,39,50,41,87,92,86,40,35,40,62,57,57,63,57,64,63,45,49,49,53,61,81,33,64,64,64,64,68,65,102,96,120,84,116,103,124,116,118,102,112,114,109,109,116,106,97,123,107,103,107,106,170,154,154,149,147,156,188,35,37,2,10,10,12,13,14,16,221,8,8,8,8,0,0,0,0,0,0,0,0,0,0,0,0,0,108,0,71,71,71,0,8,0,0,0,0,8,71,71,71,77,77,84,91,0,91,91,91,0,91,91,91,0,8,8,8,0,0,0,0,0,0,0,0,0,0,0,0,0,0,0,0,0,0,0,0,0,0,0,0,0,8,8,8,0,0,0,0,0,0,0,0,0,0,0,0,0,0,0,0,0,0,0,8,8,8,8,8,8,8,8,8,8,8,8,8,8,8,8,8,8,8,14,62,95,29966,893,29975,29976,29976,29976,29977,29978,29978,29978,29977,29971,29972,29972,29972,29973,29973,29974,29974,29974,29974,29971,29971,29972,29972,29971,29974,29975,29972,1036,29980,29981,29980,29981,29982,29983,29989,29990,29990,29991]} 1. d4 d5 2. c4 e6 3. Nc3 Nf6 4. cxd5 exd5 5. Bg5 Be7 6. e3 c6 7. Bd3 Nbd7 8. h3 {D35: Queen's Gambit Declined: Exchange Variation.} Ne4 9. Bf4 Ndf6 10. Qc2 {[#] White has an edge.} Qa5 $146 ({Predecessor:} 10... Bd6 11. Nge2 Bxf4 12. Nxf4 Nd6 13. O-O-O Qe7 14. Kb1 Be6 15. Rhe1 O-O-O 16. Na4 Kb8 {½-½ (62) Rakhmanov,A (2662)-Grachev,B (2628) Sochi 2016}) 11. Nge2 Be6 (11... Bf5 $14 {might be stronger.}) 12. O-O $16 ({Reject} 12. Bxe4 Nxe4 13. f3 Nxc3 14. Nxc3 O-O $11) 12... Nxc3 13. Nxc3 ({Don't play} 13. Qxc3 Qxc3 14. Nxc3 O-O $14) ({White should play} 13. bxc3 $16 O-O 14. Rfb1) 13... O-O $14 14. a3 c5 (14... Qd8 $14 {deserves consideration.}) 15. dxc5 {White is more active.} (15. b4 {looks sharper.} cxb4 16. axb4 Qd8 17. b5 Bd6 18. Be5) 15... Qxc5 16. Nb5 {Prevents d4.} (16. Be5 $16) 16... Qxc2 17. Bxc2 Rac8 18. Bd3 a6 19. Nd6 Bxd6 20. Bxd6 Rfe8 {[%cal Od5d4]} 21. Rad1 Ne4 22. Bb4 Rc6 23. Bb1 b6 24. Rd4 (24. f3 $16 Nc5 25. Bc3) 24... Nc5 25. Bc3 b5 26. Bc2 {Inhibits Na4.} Rec8 27. Rfd1 f5 {Inhibits e4.} 28. f3 {[%cal Bf2f3,Bf3e4,Be4e5][%mdl 32] Prevents Ne4.} Re8 29. Re1 Nd7 30. e4 dxe4 31. fxe4 f4 32. e5 Rc4 33. Rd6 Nc5 {Inhibits Bb3.} 34. Bb1 {This bishop pair is nice.} Kf7 35. Bb4 ({Inferior is} 35. Bxh7 g6 36. Rc6 Kg7 37. Rc7+ Kh6 $17) 35... a5 36. Bxa5 Nb7 {[%csl LRa5,LRd6]} 37. Ra6 {And now Bb4 would win.} Nxa5 38. Rxa5 Rc5 (38... b4 $16 {was worth a try.}) 39. Bxh7 Bc4 {Prevents Bd3.} 40. Ra7+ Kf8 41. b3 Bxb3 42. Rf1 $2 (42. Bg6 $1 $18 {[%cal Rg6e8]} Rexe5 43. Rf1) 42... g5 43. g3 (43. h4 {feels hotter.} Bc4 44. Rf2 Re7 45. Rxe7 Kxe7 46. hxg5 Rxe5 47. Rxf4 Rxg5 48. Kf2) 43... Re7 44. Rxe7 Kxe7 45. gxf4 gxf4 46. Rxf4 Rxe5 $2 $11 {[%mdl 4096] Endgame [#] KRB-KRB} (46... Rc1+ $11 {and Black is okay.} 47. Kf2 Ra1) 47. Kf2 $2 (47. Re4 $1 $18 {[%cal Re4e5]} Kf6 48. Rxe5 Kxe5 49. Bd3) 47... Rh5 48. Bf5 Be6 49. Bxe6 Kxe6 {KR-KR} 50. Kg3 Rg5+ 51. Rg4 Rc5 52. Re4+ Kf5 53. Re3 (53. Kf3 $5 {[%cal Re4e3]}) 53... Kg5 54. Rf3 Rd5 55. Kf2 Kh4 (55... Rd2+ $11 56. Kg3 Rb2) 56. Ke2 (56. Ke3 $16) 56... Rd4 (56... Rc5 $11) 57. Rb3 Rd5 58. Rd3 (58. Kf3 $16) 58... Rc5 59. Kd2 Kg5 $1 60. Rc3 Rd5+ 61. Kc2 Kf4 {Inhibits Rg3.} (61... Re5 $11) 62. Kb3 {Threatens to win with Kb4.} Ke5 63. Kb4 {White wants to mate with Rc5.} Kd6 {Prevents Rc5.} 64. Ka5 Kd7 65. Rg3 (65. Kb6 $16) 65... Rh5 (65... Kc6 $11) 66. Kb6 Kc8 67. Kc6 (67. Rd3 $16) 67... Kd8 (67... Kb8 $1 $11 {remains equal.}) 68. Kd6 {[%cal Rg3g8]} Rh6+ 69. Ke5 (69. Kc5 $16) 69... Ke7 70. Kf5 Kf7 71. Rb3 Rh5+ $1 72. Kg4 Rc5 73. Rf3+ Kg6 74. Kg3 Rg5+ 75. Kf4 {Black must now prevent Rg3.} Kf6 76. Re3 {[%cal Oe3e6]} Rh5 77. Kg4 Rg5+ 78. Kf3 Rf5+ 79. Ke2 {Hoping for Rf3.} Rd5 80. Rf3+ Ke6 81. Kf2 Rd4 82. Rb3 Rd5 83. Ke3 Rh5 84. Kf4 Kf6 85. Ke4 Ke6 86. Kd4 Kd6 87. Rg3 Rh4+ 88. Kc3 Kc6 89. Kd3 Kd6 90. Re3 Kd5 91. Ke2 Rf4 92. Rb3 Kc6 93. Rf3 Rh4 94. Kf2 Kd6 95. Kg3 Ra4 96. h4 b4 97. axb4 Rxb4 98. Re3 Rb1 99. Kf4 Rf1+ 100. Kg5 Rg1+ 101. Kf6 {Rd3+ would kill now.} Rf1+ 102. Kg6 Rg1+ 103. Kh6 Rh1 104. h5 {[%cal Bh4h5,Bh5h6][%mdl 32]} Rg1 105. Kh7 {White now steadily converts the win.} Rh1 $2 {[%mdl 8192]} (105... Rg5 $16) 106. h6 {Threatening mate with Rg3.} Rh2 107. Rg3 Re2 108. Kg6 Re6+ 109. Kh5 Re7 110. Rg7 Re5+ 111. Kg4 Re4+ 112. Kf5 Re5+ 113. Kg6 Re6+ 114. Kh7 Re8 115. Rg8 Re1 116. Kg6 Rg1+ 117. Kf7 Rf1+ 118. Ke8 Rh1 119. Rg6+ Ke5 120. Kf7 {Intending Kg7 and mate.} Rf1+ 121. Kg7 {White mates.} Ra1 122. h7 Ra7+ {[#]} 123. Kh6 $1 Ra8 124. Rg8 Ra6+ 125. Kg5 {Weighted Error Value: White=0.23 (precise) /Black=0.22 (precise)} 1-0

[Event "Frauenbundesliga 2021-22"]
[Site "Germany"]
[Date "2022.03.19"]
[Round "5.10"]
[White "Adamowicz, Katarzyna"]
[Black "Koepke, Elena"]
[Result "1-0"]
[WhiteElo "2084"]
[BlackElo "2304"]
[Annotator "ChessBase"]
[PlyCount "71"]
[EventDate "2021.11.26"]
[EventType "team-tourn"]
[EventCountry "GER"]
[SourceTitle "playchess.com"]
[Source "ChessBase"]
[SourceQuality "1"]
[TimeControl "40/5400+30:1800+30"]

1. e4 {[%emt 1:01:00]} c5 2. Nf3 d6 3. d4 cxd4 4. Nxd4 Nf6 5. Nc3 g6 6. Be2 Bg7 7. Be3 O-O 8. O-O Nc6 9. Nb3 {[%emt 0:04:00]} Be6 10. f4 Na5 11. Bd4 Rc8 12. f5 Bc4 13. Bd3 Nd7 14. Bxg7 Kxg7 15. Bxc4 Rxc4 16. Qd5 Nxb3 17. axb3 Qb6+ 18. Kh1 Rd4 19. Qa5 Qxa5 20. Rxa5 a6 21. Rd5 Rb4 22. Rd2 Re8 23. Kg1 Ne5 24. f6+ Kh8 25. Nd5 Rxe4 26. Nc7 Rc8 27. fxe7 Nc6 28. e8=Q+ Rexe8 29. Nxe8 Rxe8 30. Rxf7 Ne5 31. Rxb7 Ng4 32. g3 Re1+ 33. Kg2 Re6 34. h3 Ne3+ 35. Kf2 d5 36. c4 1-0

[Event "Frauenbundesliga 2021-22"]
[Site "Germany"]
[Date "2022.03.20"]
[Round "5.10"]
[White "Schulz, Petra"]
[Black "Ionica, Iulia-Ionela"]
[Result "1-0"]
[WhiteElo "1991"]
[BlackElo "2194"]
[Annotator "TA"]
[PlyCount "55"]
[EventDate "2021.11.26"]
[EventType "team-tourn"]
[EventCountry "GER"]
[SourceTitle "playchess.com"]
[Source "ChessBase"]
[SourceQuality "1"]

{[%evp 12,55,39,22,37,38,47,17,27,23,32,5,8,0,0,0,0,0,12,7,8,0,20,0,101,46,45,-68,0,0,34,37,33,10,54,70,635,616,745,709,835,664,1490,1460,1333,1326]} 1. e4 d6 2. d4 Nf6 3. Nc3 c6 4. a4 Qa5 5. Bd3 e5 6. Nge2 Be7 7. O-O Nbd7 {B07: Pirc Defence: Miscellaneous Systems.} 8. Bd2 {[%cal Oc3d5]} Qc7 9. Kh1 O-O {The position is equal.} 10. f4 Re8 {[#]} 11. Qe1 $146 ({Predecessor:} 11. a5 Bf8 12. dxe5 dxe5 13. f5 Nc5 14. Bg5 Nxd3 15. Qxd3 Be7 16. Ng3 Ng4 17. Bxe7 Qxe7 {1-0 (38) Castellanos Rodriguez,R (2438)-Romero Garcia,M (2167) Seville 2004}) 11... Bf8 12. dxe5 dxe5 13. f5 Nc5 14. Qh4 Nxd3 15. cxd3 Qd8 16. Rf3 h6 (16... Nd7 $5 {[%cal Rd8h4]} 17. Bg5 Be7 18. Bxe7 Qxe7 19. Qxe7 Rxe7 $11) 17. Raf1 a6 (17... b6 $11 {remains equal.}) 18. g4 {White is more active.} (18. Rg3 $16 {Hoping for Bxh6.} Kh8 19. a5) 18... Nh7 $1 $14 19. f6 (19. g5 $14) 19... g5 (19... Re6 $1 $15) 20. Qg3 $1 $11 Qd7 (20... Re6 $5 {[%cal Re6f6]}) 21. h3 b5 22. Qh2 {Threatens to win with h4.} Kh8 (22... Re6 $11 {is superior.}) 23. h4 gxh4 {[%mdl 8192] [#] A mistake that costs the game.} (23... Qxg4 $14 24. hxg5 hxg5) 24. Rh3 $1 $18 {[%cal Bf3h3,Bh3h4,Bh4h6][%mdl 32] White is clearly winning.} Qxg4 25. Rxh4 Qg6 26. Bxh6 Bc5 27. Bg7+ Kg8 28. Rh6 {Weighted Error Value: White=0.21 (precise) /Black=0.59} 1-0

[Event "Frauenbundesliga 2021-22"]
[Site "Germany"]
[Date "2022.03.19"]
[Round "5.11"]
[White "Jelica, Mara"]
[Black "Brandt, Carina"]
[Result "1-0"]
[WhiteElo "2085"]
[BlackElo "2078"]
[Annotator "NA"]
[PlyCount "65"]
[EventDate "2021.11.26"]
[EventType "team-tourn"]
[EventCountry "GER"]
[SourceTitle "playchess.com"]
[Source "ChessBase"]
[SourceQuality "1"]
[TimeControl "40/5400+30:1800+30"]

1. e4 c5 {[%emt 0:00:12]} 2. Nf3 {[%emt 0:00:33]} e6 {[%emt 0:00:08]} 3. d4 {[%emt 0:00:04]} cxd4 {[%emt 0:00:05]} 4. Nxd4 {[%emt 0:00:05]} Nc6 {[%emt 0:00:09]} 5. Nc3 {[%emt 0:00:25]} Qc7 {[%emt 0:00:11]} 6. Be2 {[%emt 0:00:14]} a6 {[%emt 0:00:31]} 7. O-O {[%emt 0:01:26]} Nf6 {[%emt 0:00:19]} 8. Be3 {[%emt 0:02:58]} Bb4 {[%emt 0:00:36]} 9. Nxc6 {[%emt 0:01:23]} bxc6 {[%emt 0:00:49]} 10. a3 {[%emt 0:08:55]} Bxc3 {[%emt 0:09:48]} 11. bxc3 {[%emt 0:00:02]} O-O {[%emt 0:02:39]} 12. Bc5 {[%emt 0:07:18]} Nxe4 {[%emt 0:03:37]} 13. Bxf8 {[%emt 0:01:06]} Kxf8 {[%emt 0:00:05]} 14. Bd3 {[%emt 0:04:24]} Nf6 {[%emt 0:05:41]} 15. Qf3 {[%emt 0:06:41]} e5 {[%emt 0:09:26]} 16. c4 {[%emt 0:01:36]} Qa5 {[%emt 0:01:35]} 17. Qe3 {[%emt 0:03:19]} d6 {[%emt 0:06:20]} 18. c5 {[%emt 0:05:56]} Nd5 {[%emt 0:06:54]} 19. Qf3 {[%emt 0:11:11]} Qxc5 {[%emt 0:00:38]} 20. Bxh7 {[%emt 0:00:27]} Nf6 {[%emt 0:08:20]} 21. Bf5 {[%emt 0:02:08]} d5 {[%emt 0:03:13]} 22. Bxc8 {[%emt 0:00:38]} Rxc8 {[%emt 0:00:05]} 23. Qe2 {[%emt 0:01:35]} a5 {[%emt 0:10:08]} 24. Qxe5 {[%emt 0:04:17]} Ne4 {[%emt 0:00:16]} 25. Qh5 {[%emt 0:07:32]} Kg8 {[%emt 0:00:31]} 26. Qe2 {[%emt 0:02:45]} Rb8 {[%emt 0:04:48]} 27. Rab1 {[%emt 0:01:19]} Re8 {[%emt 0:00:07]} 28. Rb3 {[%emt 0:01:42]} Nd6 {[%emt 0:02:01]} 29. Qd1 {[%emt 0:03:57]} Nc4 {[%emt 0:02:32]} 30. Re1 {[%emt 0:01:21]} Rd8 {[%emt 0:03:26]} 31. Qh5 {[%emt 0:02:27]} g6 {[%emt 0:01:03]} 32. Qh4 {[%emt 0:00:31]} Rf8 {[%emt 0:00:18]} 33. Rh3 {[%emt 0:00:16]} 1-0

[Event "Frauenbundesliga 2021-22"]
[Site "Germany"]
[Date "2022.03.20"]
[Round "5.11"]
[White "Moeller, Lisa-Marie"]
[Black "Daemering, Katrin"]
[Result "1-0"]
[WhiteElo "1903"]
[BlackElo "1978"]
[Annotator "TA"]
[PlyCount "149"]
[EventDate "2021.11.26"]
[EventType "team-tourn"]
[EventCountry "GER"]
[SourceTitle "playchess.com"]
[Source "ChessBase"]
[SourceQuality "1"]

{[%evp 13,149,16,10,8,50,0,0,0,0,0,0,0,11,-12,-16,-15,-16,-30,0,0,7,0,31,29,31,31,29,0,28,15,29,10,9,8,8,11,14,0,0,0,16,1,0,0,20,0,13,7,106,21,72,61,76,64,83,52,120,43,187,185,200,132,204,153,257,203,222,141,302,191,284,279,262,263,251,187,222,101,299,265,502,315,530,507,518,483,499,537,725,722,648,684,12820,2168,1891,2075,2051,2044,1785,1481,1547,1435,1159,742,1176,631,613,587,590,583,2203,2217,2285,2271,2084,1962,1535,1524,1706,1267,1383,993,1118,818,695,184,12839,12839,12842,12842,12842,12839,12840,12840,12845,12846,12846,12847]} 1. e4 c5 2. Nf3 d6 3. Bb5+ Nd7 4. d4 cxd4 5. Qxd4 a6 6. Bxd7+ Bxd7 7. Nc3 {seems to push 7.c4 aside.} e5 8. Qd3 {B51: Sicilian: Moscow Variation (3 Bb5+) without 3...Bd7.} b5 (8... Be7 $11 {deserves consideration.}) 9. Nd5 {[#]} (9. Be3 $14) 9... h6 $146 ({Predecessor:} 9... Ne7 10. Bg5 Be6 11. O-O f6 12. Bxf6 gxf6 13. Nxf6+ Kf7 14. Ng5+ Kxf6 15. f4 Ng6 {0-1 (31) Zoler,D (2275)-Porper,E (2470) Tel Aviv 1990}) 10. Be3 {[#] Hoping for Bb6. The position is equal.} Rb8 {To avoid Bb6} 11. O-O Nf6 12. Nxf6+ Qxf6 13. Rfe1 Be7 14. Bd2 O-O 15. Bb4 Rb6 16. Nd2 {[%cal Bf3d2,Bd2f1,Bf1e3,Be3d5][%mdl 32]} Rc8 17. Nf1 Bf8 18. Ne3 Rbc6 19. Nd5 Qd8 20. Rac1 a5 21. Bd2 b4 22. c3 (22. b3 {is more complex.} Be6 23. a3 bxa3 24. c4 Kh8 25. Rc3) 22... bxc3 $1 23. Rxc3 Rxc3 24. Bxc3 a4 25. Rd1 Bg4 26. Rd2 Kh7 27. h3 Be6 28. Bb4 Qh4 29. Nc3 Bc4 30. Qf3 g6 {Prevents Qf5.} (30... Be6 $11) 31. Rd1 ({Better is} 31. Nxa4 $16 {And now Nb6 would win.} Be6 32. Nc3 (32. Bxd6 Qg5 $16)) 31... Rd8 (31... Qd8 $11) 32. Nd5 {Threatens to win with g3.} (32. Nxa4 {feels hotter.} Bxa2 33. b3 Qf4 34. Qd3 Rb8 35. Nc3) 32... Bxd5 33. Rxd5 {[%cal Bd1d5,Bd5a5,Ba5a7][%mdl 32]} Qe7 34. Qd3 {White is more active.} Qd7 {Black is now going downhill.} ({Black should try} 34... Qc7 $14) 35. Qd1 (35. Bc3 $16) 35... f5 ({Black should play} 35... Qc6 $14) 36. exf5 $18 gxf5 37. Ra5 Be7 (37... Bg7 $16 {keeps fighting.}) 38. Qxa4 ({Don't play} 38. Rxa4 Rg8 39. Bc3 Qc6) 38... Qe6 (38... Qxa4 $16 39. Rxa4 Kg6) 39. Qb5 ({Don't take} 39. Ra7 $6 Kg6 40. Bc3 e4 $16) 39... Rg8 40. Qd5 Qg6 (40... Qxd5 $16 41. Rxd5 Rb8) 41. Qf3 f4 (41... Rg7 $142 42. a4 f4) 42. Ra7 Rg7 {[#]} 43. Bc3 $1 h5 44. Ra4 {To avoid e4} Kh6 45. Qe4 (45. Re4 $18 {is more deadly.}) 45... Qf7 $2 (45... Bf6 $16) 46. Ra8 Bf8 $2 (46... Rg6 47. Rh8+ Kg7 48. Rxh5 Qxa2 49. Qxf4 Qd5) 47. Ra6 {Bxe5 is the strong threat.} Rg6 $2 (47... Qg6 48. Qxg6+ Rxg6) 48. a4 f3 49. Bd2+ Kh7 50. g3 Qb3 51. Ra7+ Bg7 52. Be3 Qxb2 53. Qxf3 (53. Qf5 $142 Qa1+ 54. Kh2) 53... Qb1+ 54. Kh2 h4 55. Qh5+ Kg8 56. Qxh4 Qf5 57. Ra8+ Bf8 58. Qc4+ Kh7 59. Qc8 Qxc8 60. Rxc8 {[%mdl 4096] Endgame KRB-KRB} Kg7 61. Rc6 {Strongly threatening a5.} d5 62. Rxg6+ Kxg6 {KB-KB} 63. a5 {Black must now prevent a6.} d4 64. Bd2 Kf5 65. Kg2 Ke4 66. Kf1 Kf3 67. h4 Kg4 68. Ke2 e4 69. Bf4 $2 (69. a6 Bc5 70. Bf4) 69... Bb4 $2 (69... Bc5) 70. a6 {[%cal Ba5a6,Ba6a7][%mdl 32] White is clearly winning.} Bc5 71. Bb8 d3+ 72. Kd1 Bxf2 73. Kd2 e3+ 74. Kxd3 Kf3 75. a7 {Weighted Error Value: White=0.36/Black=0.45} 1-0

[Event "Frauenbundesliga 2021-22"]
[Site "Germany"]
[Date "2022.03.20"]
[Round "5.12"]
[White "Just, Anita"]
[Black "Dartmann Aubanell, Catriona"]
[Result "0-1"]
[WhiteElo "1895"]
[BlackElo "1834"]
[Annotator "NA RC"]
[PlyCount "138"]
[EventDate "2021.11.26"]
[EventType "team-tourn"]
[EventCountry "GER"]
[SourceTitle "playchess.com"]
[Source "ChessBase"]
[SourceQuality "1"]
[TimeControl "40/5400+30:1800+30"]

1. e4 {[%emt 0:00:03]} e6 {[%emt 0:00:10]} 2. d4 {[%emt 0:00:06]} d5 {[%emt 0:00:11]} 3. Nc3 {[%emt 0:00:09]} Nf6 {[%emt 0:00:18]} 4. Bg5 {[%emt 0:00:22]} Be7 {[%emt 0:00:43]} 5. e5 {[%emt 0:00:54]} Nfd7 {[%emt 0:00:32]} 6. Bxe7 {[%emt 0:00:09]} Qxe7 {[%emt 0:00:15]} 7. f4 {[%emt 0:00:15]} a6 {[%emt 0:02:04]} 8. Nf3 {[%emt 0:01:36]} c5 {[%emt 0:00:47]} 9. Qd2 {[%emt 0:00:20]} Nc6 {[%emt 0:01:49]} 10. dxc5 {[%emt 0:00:34]} Nxc5 {[%emt 0:01:42]} 11. O-O-O {[%emt 0:00:29]} b5 {[%emt 0:05:34]} 12. Kb1 {[%emt 0:02:41]} b4 {[%emt 0:12:16]} 13. Ne2 {[%emt 0:02:12]} Ne4 {[%emt 0:12:18]} 14. Qe3 {[%emt 0:04:42]} a5 {[%emt 0:07:14]} 15. Nd2 {[%emt 0:23:32]} Qc5 {[%emt 0:07:37]} 16. Qxc5 {[%emt 0:03:13]} Nxc5 {[%emt 0:00:02]} 17. g4 {[%emt 0:07:16]} a4 {[%emt 0:06:57]} 18. Ng3 {[%emt 0:07:11]} Ba6 {[%emt 0:06:26]} 19. Nf3 {[%emt 0:02:35]} b3 {[%emt 0:03:39]} 20. cxb3 {[%emt 0:03:29]} axb3 {[%emt 0:01:34]} 21. a3 {[%emt 0:01:15]} Bxf1 {[%emt 0:05:25]} 22. Rhxf1 {[%emt 0:00:36]} Na5 {[%emt 0:00:44]} 23. Nd4 {[%emt 0:05:09]} Nc4 {[%emt 0:02:04]} 24. Rf3 {[%emt 0:02:10]} Rb8 {[%emt 0:02:09]} 25. Nge2 {[%emt 0:09:41]} O-O {[%emt 0:12:05]} 26. Nc1 {[%emt 0:05:34]} Na4 {[%emt 0:02:10]} 27. Rxb3 {[%emt 0:14:09]} Naxb2 {[%emt 0:00:54]} 28. Rg1 {[%emt 0:00:48]} Rxb3 {[%emt 0:02:30]} 29. Ncxb3 {[%emt 0:00:25]} Nd3 {[%emt 0:00:31]} 30. Rf1 {[%emt 0:00:52]} Nxa3+ {[%emt 0:01:02]} 31. Ka2 {[%emt 0:00:22]} Ra8 {[%emt 0:00:21]} 32. Rf3 {[%emt 0:00:40]} Nc4+ {[%emt 0:02:12]} 33. Kb1 {[%emt 0:00:09]} Nb4 {[%emt 0:00:58]} 34. Rf2 {[%emt 0:00:43]} h6 {[%emt 0:00:38]} 35. h4 {[%emt 0:00:05]} Kf8 {[%emt 0:00:45]} 36. f5 {[%emt 0:01:27]} Ke7 {[%emt 0:00:46]} 37. f6+ {[%emt 0:01:45]} gxf6 {[%emt 0:00:02]} 38. Rxf6 {[%emt 0:00:27]} Nxe5 {[%emt 0:00:39]} 39. Rxh6 {[%emt 0:00:30]} Nxg4 {[%emt 0:00:07]} 40. Rh5 {[%emt 0:00:48]} Rg8 {[%emt 0:01:38]} 41. Kc1 {[%emt 0:04:37]} Nd3+ {[%emt 0:02:43]} 42. Kd2 {[%emt 0:00:30]} Nf4 {[%emt 0:00:05]} 43. Rg5 {[%emt 0:08:58]} Rxg5 {[%emt 0:00:43]} 44. hxg5 {[%emt 0:00:06]} Ne5 {[%emt 0:02:26]} 45. Ke3 {[%emt 0:04:20]} Nh3 {[%emt 0:00:50]} 46. Nc5 {[%emt 0:05:58]} Nxg5 {[%emt 0:01:55]} 47. Kf4 {[%emt 0:00:50]} Nh3+ {[%emt 0:01:07]} 48. Kg3 {[%emt 0:00:30]} Ng5 {[%emt 0:00:24]} 49. Kf4 {[%emt 0:00:06]} Kf6 {[%emt 0:00:12]} 50. Ne2 {[%emt 0:02:12]} Ng6+ {[%emt 0:01:38]} 51. Ke3 {[%emt 0:00:36]} e5 {[%emt 0:00:34]} 52. Ng3 {[%emt 0:00:54]} Ne4 {[%emt 0:02:35]} 53. Ncxe4+ {[%emt 0:01:03]} dxe4 {[%emt 0:00:04]} 54. Kxe4 {[%emt 0:00:14]} Ke6 {[%emt 0:00:21]} 55. Nf5 {[%emt 0:00:32]} f6 {[%emt 0:01:46]} 56. Ng7+ {[%emt 0:00:28]} Kf7 {[%emt 0:00:37]} 57. Nf5 {[%emt 0:00:08]} Ne7 {[%emt 0:00:17]} 58. Ng3 {[%emt 0:02:59]} Ke6 {[%emt 0:00:26]} 59. Ne2 {[%emt 0:01:12]} f5+ {[%emt 0:00:13]} 60. Ke3 {[%emt 0:00:21]} Nd5+ {[%emt 0:00:31]} 61. Kf3 {[%emt 0:00:13]} e4+ {[%emt 0:00:21]} 62. Kf2 {[%emt 0:01:08]} Ke5 {[%emt 0:00:18]} 63. Ke1 {[%emt 0:00:29]} f4 {[%emt 0:00:37]} 64. Kf2 {[%emt 0:00:14]} f3 {[%emt 0:02:21]} 65. Ng3 {[%emt 0:00:30]} Kf4 {[%emt 0:00:18]} 66. Nh5+ {[%emt 0:00:29]} Kg4 {[%emt 0:00:06]} 67. Ng7 {[%emt 0:00:13]} e3+ {[%emt 0:00:17]} 68. Kf1 {[%emt 0:00:36]} Nc7 {[%emt 0:00:39]} 69. Ke1 {[%emt 0:01:02]} Kg5 {[%emt 0:00:12]} 0-1

[Event "Frauenbundesliga 2021-22"]
[Site "Germany"]
[Date "2022.03.20"]
[Round "6.1"]
[White "Reizniece-Ozola, Dana"]
[Black "Cosma, Elena-Luminita"]
[Result "0-1"]
[WhiteElo "2283"]
[BlackElo "2281"]
[Annotator "ChessBase"]
[PlyCount "97"]
[EventDate "2021.11.26"]
[EventType "team-tourn"]
[EventCountry "GER"]
[SourceTitle "playchess.com"]
[Source "ChessBase"]
[SourceQuality "1"]
[TimeControl "40/5400+30:1800+30"]

1. c4 {[%emt 0:00:09]} e6 {[%emt 0:00:07]} 2. Nf3 {[%emt 0:00:11]} d5 {[%emt 0:00:15]} 3. e3 {[%emt 0:00:09]} Nf6 {[%emt 0:00:13]} 4. b3 {[%emt 0:00:34]} c5 {[%emt 0:00:27]} 5. Bb2 {[%emt 0:01:11]} Nc6 {[%emt 0:00:15]} 6. a3 {[%emt 0:03:30]} Be7 {[%emt 0:08:36]} 7. cxd5 {[%emt 0:01:08]} exd5 {[%emt 0:00:05]} 8. d4 {[%emt 0:00:05]} O-O {[%emt 0:01:28]} 9. dxc5 {[%emt 0:03:09]} Bxc5 {[%emt 0:00:06]} 10. Qc2 {[%emt 0:00:50]} Bd6 {[%emt 0:01:33]} 11. Nc3 {[%emt 0:05:48]} Bg4 {[%emt 0:06:55]} 12. Ng5 {[%emt 0:17:15]} d4 {[%emt 0:19:37]} 13. Nb5 {[%emt 0:01:31]} Qa5+ {[%emt 0:13:36]} 14. Qd2 {[%emt 0:06:28]} Qxd2+ {[%emt 0:00:07]} 15. Kxd2 {[%emt 0:00:03]} dxe3+ {[%emt 0:00:06]} 16. fxe3 {[%emt 0:01:05]} Be5 {[%emt 0:03:19]} 17. Bxe5 {[%emt 0:02:28]} Nxe5 {[%emt 0:00:07]} 18. Be2 {[%emt 0:01:32]} Rad8+ {[%emt 0:04:45]} 19. Nd4 {[%emt 0:02:07]} Nc6 {[%emt 0:02:54]} 20. Ngf3 {[%emt 0:03:57]} Bxf3 {[%emt 0:08:56]} 21. Bxf3 {[%emt 0:00:26]} Nxd4 {[%emt 0:00:05]} 22. exd4 {[%emt 0:00:04]} Rxd4+ {[%emt 0:00:07]} 23. Kc3 {[%emt 0:04:11]} Rd7 {[%emt 0:00:58]} 24. Rad1 {[%emt 0:01:24]} Rc8+ {[%emt 0:02:36]} 25. Kb4 {[%emt 0:00:23]} Rcc7 {[%emt 0:02:45]} 26. Rxd7 {[%emt 0:03:47]} Nxd7 {[%emt 0:00:51]} 27. Rd1 {[%emt 0:05:14]} Kf8 {[%emt 0:02:12]} 28. a4 {[%emt 0:01:49]} Ne5 {[%emt 0:02:37]} 29. Rd8+ {[%emt 0:07:11]} Ke7 {[%emt 0:00:08]} 30. Ra8 {[%emt 0:00:52]} Nd3+ {[%emt 0:10:03]} 31. Ka3 {[%emt 0:01:07]} b6 {[%emt 0:00:05]} 32. Be4 {[%emt 0:04:06]} Ne5 {[%emt 0:03:13]} 33. Kb4 {[%emt 0:02:23]} g6 {[%emt 0:01:01]} 34. Kb5 {[%emt 0:02:03]} f5 {[%emt 0:01:15]} 35. Bf3 {[%emt 0:00:54]} Nxf3 {[%emt 0:04:12]} 36. gxf3 {[%emt 0:00:02]} f4 {[%emt 0:00:08]} 37. Ka6 {[%emt 0:06:28]} g5 {[%emt 0:00:34]} 38. h3 {[%emt 0:02:29]} Kf6 {[%emt 0:01:56]} 39. b4 {[%emt 0:05:23]} h5 {[%emt 0:00:21]} 40. Rf8+ {[%emt 0:06:13]} Kg7 {[%emt 0:01:04]} 41. Rf5 {[%emt 0:05:00]} Kg6 {[%emt 0:00:56]} 42. Rf8 {[%emt 0:01:24]} Rc4 {[%emt 0:06:06]} 43. Kb5 {[%emt 0:00:45]} Rc3 {[%emt 0:00:43]} 44. Rg8+ {[%emt 0:04:25]} Kf6 {[%emt 0:00:58]} 45. Ra8 {[%emt 0:06:34]} Rxf3 {[%emt 0:10:37]} 46. Rxa7 {[%emt 0:00:28]} g4 {[%emt 0:01:36]} 47. hxg4 {[%emt 0:00:43]} hxg4 {[%emt 0:00:10]} 48. Rb7 {[%emt 0:05:04]} g3 {[%emt 0:00:28]} 49. Rxb6+ {[%emt 0:00:00]} 0-1